| 000 | 00498nam a2200217 454500 | ||
|---|---|---|---|
| 001 | 070068 | ||
| 003 | BD-ChCU | ||
| 008 | Eng | ||
| 020 | _ax | ||
| 040 |
_aDLC _cDLC _dBD-ChCU |
||
| 082 | 0 | 0 | _a182/GUG |
| 100 | 1 |
_aGuthrie, W.K.C. _bx |
|
| 245 | 1 | 0 |
_aThe Greek philosophers _bForm Thales to Aristiotle |
| 250 | _ax | ||
| 260 |
_aLond. _bMetheuen _c1972 |
||
| 300 | _av, 168 | ||
| 504 | _ax | ||
| 650 | 0 |
_aPhilosophy, Ancient. _bPhilosophy, Ancient. |
|
| 700 | 1 | _ax | |
| 942 |
_2ddc _cBK |
||
| 999 |
_c70068 _d70068 |
||